Normování výrobních zásob

Enregistré dans:
Détails bibliographiques
Auteur principal: Linc, Josef
Format: Livre
Langue:tchèque
Publié: Praha Inst. pro výchovu ved. prac. MP ČSR 1990
Édition:1. vyd.
Tags: Ajouter un tag
Pas de tags, Soyez le premier à ajouter un tag!

MARC

LEADER 00000nam a2200000 4500
001 c034409
005 20250530124122.2
041 0 |a cze 
044 |a CZ 
245 1 0 |a Normování výrobních zásob  |c Josef Linc a kol. 
250 |a 1. vyd. 
264 1 |a Praha  |b Inst. pro výchovu ved. prac. MP ČSR  |c 1990 
300 |a 105 s. 
100 1 |a Linc, Josef